Najmłodsze państwa świata. - Statystyki

Ogólne statystyki
  • Ten quiz został rozwiązany 1 258 razy
  • Średni wynik to 5 z 10
Statystyki odpowiedzi
Nr. Data niepodległości Państwo % Poprawnych
2. 17 lutego 2008 Kosowo
92%
1. 9 lipca 2011 Sudan Południowy
87%
3. 21 maja 2006 Czarnogóra
69%
8. 1 stycznia 1993 Czechy
47%
7. 1 stycznia 1993 Słowacja
47%
9. 1 marca 1992 Bośnia i Hercegowina
46%
4. 20 maja 2002 Timor Wschodni
41%
10. 16 grudnia 1991 Kazachstan
34%
6. 24 maja 1993 Erytrea
18%
5. 1 października 1994 Palau
18%
Nie znaleziono quizów pasujących do podanych kryteriów
Rozkład punktacji
Procent ludzi z każdym wynikiem
Percentyl według liczby udzielonych odpowiedzi
Twoja historia wyników
Nie rozwiązałeś tego quizu